Countries of the world by picture - A - Statistics

General Stats
  • This quiz has been taken 37 times
  • The average score is 8 of 11
Answer Stats
Picture Answer % Correct
Australia
96%
Austria
82%
Albania
79%
Argentina
79%
Armenia
79%
Azerbaijan
79%
Andorra
75%
Antigua and barbuda
75%
Angola
71%
Algeria
68%
Afghanistan
61%
No matching quizzes found
Score Distribution
Percent of People with Each Score
Percentile by Number Answered
Your Score History
You have not taken this quiz